[Event "Titled Tuesday intern op 21st Mar Early"]
[Site "Chess.com INT"]
[Date "2023.03.21"]
[Round "6"]
[White "Avazkhonov, Alikhon"]
[Black "Zenelaj, Samuel"]
[Result "0-1"]
[WhiteElo "1538"]
[BlackElo "2327"]
[PlyCount "106"]
[EventDate "2023.03.21"]
[EventType "swiss (blitz)"]
[EventRounds "11"]
[EventCountry "USA"]
[SourceTitle "EXT 2024"]
[Source "ChessBase"]
[SourceDate "2023.10.10"]
[SourceVersion "1"]
[SourceVersionDate "2023.10.10"]
[SourceQuality "1"]

1. d4 Nf6 2. c4 e6 3. Nc3 d5 4. cxd5 exd5 5. Bg5 c6 6. e3 Be7 7. Nf3 0-0 8. Bd3 h6 9. Bh4 Qc7 10. Qc2 a6 11. Bxf6 Bxf6 12. Nxd5 Qa5+ 13. Nc3 c5 14. 0-0 cxd4 15. Nxd4 Rd8 16. Rfd1 Bg4 17. f3 Bd7 18. Nb3 Qh5 19. Ne4 Be7 20. f4 Bc6 21. Ng3 Qg4 22. Bf5 Rxd1+ 23. Rxd1 Qh4 24. Bh7+ Kh8 25. Nf5 Qf6 26. Nxe7 Qxe7 27. Kh1 g6 28. Bxg6 fxg6 29. Qxg6 Nd7 30. Qxh6+ Qh7 31. Qxh7+ Kxh7 32. Nd4 Be4 33. Ne6 Nf6 34. Ng5+ Kg6 35. Rd6 Re8 36. h3 Kg7 37. Rb6 Bc6 38. Rb3 Nd5 39. Kg1 Nxe3 40. g4 Nd5 41. f5 Re2 42. Ne6+ Kf6 43. Nd4 Rd2 44. Nxc6 bxc6 45. Ra3 Nf4 46. Rxa6 Kg5 47. Rxc6 Kh4 48. Rc3 Ne2+ 49. Kf1 Nxc3 50. bxc3 Rxa2 51. c4 Kxh3 52. f6 Kxg4 53. f7 Ra8 0-1

[Event "Titled Tuesday intern op 21st Mar Early"]
[Site "Chess.com INT"]
[Date "2023.03.21"]
[Round "11"]
[White "Van Osch, Mees"]
[Black "Zenelaj, Samuel"]
[Result "1-0"]
[WhiteElo "2350"]
[BlackElo "2327"]
[PlyCount "65"]
[EventDate "2023.03.21"]
[EventType "swiss (blitz)"]
[EventRounds "11"]
[EventCountry "USA"]
[SourceTitle "EXT 2024"]
[Source "ChessBase"]
[SourceDate "2023.10.10"]
[SourceVersion "1"]
[SourceVersionDate "2023.10.10"]
[SourceQuality "1"]

1. e4 e5 2. Nf3 Nc6 3. c3 d5 4. exd5 Qxd5 5. d4 Bg4 6. Be2 0-0-0 7. c4 Bb4+ 8. Nc3 Qa5 9. d5 Bxf3 10. Bxf3 Nd4 11. Bd2 Nf6 12. a3 Bxc3 13. Bxc3 Qc5 14. Be2 Nxe2 15. Qxe2 Rhe8 16. b4 Qd6 17. 0-0 e4 18. h3 Qf4 19. Qe3 Qxe3 20. fxe3 Nh5 21. Rxf7 Rd7 22. Raf1 g6 23. Rxd7 Kxd7 24. Rf7+ Re7 25. Rxe7+ Kxe7 26. Be5 c6 27. g4 Nf6 28. d6+ Ke6 29. Bxf6 Kxf6 30. c5 g5 31. Kf2 Ke6 32. Ke2 b5 33. Kd2 1-0

[Event "Titled Tuesday intern op 21st Mar Early"]
[Site "Chess.com INT"]
[Date "2023.03.21"]
[Round "5"]
[White "Zenelaj, Samuel"]
[Black "Hayrapetyan, Hovik"]
[Result "0-1"]
[WhiteElo "2327"]
[BlackElo "2442"]
[PlyCount "78"]
[EventDate "2023.03.21"]
[EventType "swiss (blitz)"]
[EventRounds "11"]
[EventCountry "USA"]
[SourceTitle "EXT 2024"]
[Source "ChessBase"]
[SourceDate "2023.10.10"]
[SourceVersion "1"]
[SourceVersionDate "2023.10.10"]
[SourceQuality "1"]

1. e4 c5 2. Nf3 d6 3. Bb5+ Nd7 4. d4 cxd4 5. Qxd4 a6 6. Bxd7+ Bxd7 7. Nc3 Nf6 8. 0-0 e6 9. Bg5 Be7 10. Rad1 Qc7 11. e5 dxe5 12. Nxe5 Rd8 13. Rfe1 Bc8 14. Qa4+ b5 15. Rxd8+ Bxd8 16. Qh4 0-0 17. Ng4 Nxg4 18. Bxd8 Rxd8 19. Qxg4 Bb7 20. Rd1 Rxd1+ 21. Qxd1 b4 22. Ne2 h5 23. Nd4 Qd6 24. Qd3 Qd5 25. f3 Qxa2 26. Nb3 Qxb2 27. Qd8+ Kh7 28. Qd3+ f5 29. Nd4 Bc8 30. g4 hxg4 31. fxg4 Qc3 32. Qd1 Qe3+ 33. Kf1 Qf4+ 34. Kg1 Qxg4+ 35. Qxg4 fxg4 36. Kf2 Bd7 37. Nb3 Kg6 38. Kg3 Ba4 39. Nd4 e5 0-1

[Event "Titled Tuesday intern op 21st Mar Early"]
[Site "Chess.com INT"]
[Date "2023.03.21"]
[Round "7"]
[White "Zenelaj, Samuel"]
[Black "Kilic, Eray"]
[Result "0-1"]
[WhiteElo "2327"]
[BlackElo "2415"]
[PlyCount "126"]
[EventDate "2023.03.21"]
[EventType "swiss (blitz)"]
[EventRounds "11"]
[EventCountry "USA"]
[SourceTitle "EXT 2024"]
[Source "ChessBase"]
[SourceDate "2023.10.10"]
[SourceVersion "1"]
[SourceVersionDate "2023.10.10"]
[SourceQuality "1"]

1. e4 c5 2. Nf3 d6 3. Bb5+ Nd7 4. d4 cxd4 5. Qxd4 e5 6. Qd3 a6 7. Bxd7+ Bxd7 8. Nc3 Be6 9. 0-0 Rc8 10. Rd1 h6 11. Nd2 Nf6 12. Nf1 Qc7 13. Ne3 Be7 14. f3 b5 15. a4 b4 16. Ncd5 Bxd5 17. exd5 Qb7 18. Bd2 0-0 19. Kh1 Rc7 20. c3 bxc3 21. Bxc3 Rfc8 22. Be1 Nd7 23. b4 a5 24. bxa5 Nc5 25. Qb5 Qa8 26. Nf5 Bf8 27. Rac1 Rb8 28. Qe2 g6 29. Ng3 Rbc8 30. Ne4 Nxe4 31. Rxc7 Rxc7 32. fxe4 Qc8 33. a6 Rc2 34. Qf1 Ra2 35. a5 Qd7 36. Bf2 Rxa5 37. a7 Rxa7 38. Bxa7 Qxa7 39. Qf6 Be7 40. Qf3 Bg5 41. g3 h5 42. h4 Bh6 43. Kg2 Qa2+ 44. Qf2 Qa4 45. Qe2 Kg7 46. Rf1 Kg8 47. Qf3 Qd7 48. Rb1 Qa7 49. Rf1 Be3 50. g4 hxg4 51. Qxg4 Qa2+ 52. Kh3 Qc4 53. Qf3 Bf4 54. Rg1 Qc2 55. Rg2 Qb1 56. Rf2 Kh7 57. h5 g5 58. Kg4 Qc1 59. Kf5 Qc8+ 60. Kf6 Qd8+ 61. Kxf7 Qd7+ 62. Kf6 Kg8 63. Ra2 Qf7# 0-1

[Event "Konjic op 12th"]
[Site "Konjic"]
[Date "2023.03.04"]
[Round "6"]
[White "Zenelaj, Samuel"]
[Black "Ramaj, Ergit"]
[Result "1/2-1/2"]
[WhiteElo "2327"]
[BlackElo "1861"]
[PlyCount "71"]
[EventDate "2023.03.01"]
[EventType "swiss"]
[EventRounds "7"]
[EventCountry "BIH"]
[SourceTitle "CBM 213 Extra"]
[Source "ChessBase"]
[SourceDate "2023.05.31"]
[SourceVersion "1"]
[SourceVersionDate "2023.05.31"]
[SourceQuality "1"]

1. e4 e5 2. Nf3 Nc6 3. Bb5 Nf6 4. 0-0 Nxe4 5. Re1 Nd6 6. Nxe5 Be7 7. Bf1 Nxe5 8. Rxe5 0-0 9. d4 Bf6 10. Re1 Re8 11. Bf4 Rxe1 12. Qxe1 Ne8 13. Nc3 Bxd4 14. Nd5 c6 15. Qe4 Bxf2+ 16. Kxf2 cxd5 17. Qxd5 Nf6 18. Qd4 d5 19. Kg1 Bf5 20. c3 Qd7 21. Rd1 Qe6 22. c4 dxc4 23. Bxc4 Qd7 24. Qxd7 Bxd7 25. Bg5 Bc6 26. Rf1 Bd5 27. Bxd5 Nxd5 28. Rd1 Nb6 29. Be3 Nc4 30. Bxa7 h6 31. b3 Rxa7 32. Rd8+ Kh7 33. bxc4 Rxa2 34. Rd7 Rc2 35. Rxf7 Rxc4 36. Rxb7 1/2-1/2

[Event "Titled Tuesday intern op 21st Feb Early"]
[Site "Chess.com INT"]
[Date "2023.02.21"]
[Round "4"]
[White "Silva, Pedro Gil Ferreira"]
[Black "Zenelaj, Samuel"]
[Result "1-0"]
[WhiteElo "2233"]
[BlackElo "2327"]
[PlyCount "126"]
[EventDate "2023.02.21"]
[EventType "swiss (blitz)"]
[EventRounds "11"]
[EventCountry "USA"]
[SourceTitle "CBM 212 Extra"]
[Source "ChessBase"]
[SourceDate "2023.03.31"]
[SourceVersion "1"]
[SourceVersionDate "2023.03.31"]
[SourceQuality "1"]

1. c4 c5 2. Nf3 Nc6 3. Nc3 e6 4. g3 g6 5. Bg2 Bg7 6. 0-0 Nge7 7. b3 0-0 8. Bb2 a6 9. Rc1 Rb8 10. Qc2 d6 11. e3 b5 12. cxb5 axb5 13. Ne4 Nb4 14. Qb1 Bb7 15. Bxg7 Kxg7 16. a3 Nbc6 17. Qb2+ e5 18. d4 cxd4 19. exd4 f6 20. dxe5 dxe5 21. Rfd1 Qb6 22. Nc5 Bc8 23. b4 Rd8 24. Qc3 Nf5 25. Rxd8 Nxd8 26. g4 Nd6 27. g5 Nc4 28. Ne4 Ne6 29. gxf6+ Kf7 30. Nxe5+ Kf8 31. Nxc4 bxc4 32. Qxc4 Ba6 33. Qd5 Bb7 34. Qe5 Re8 35. Qd6+ Qxd6 36. Nxd6 Bxg2 37. Kxg2 Nf4+ 38. Kf3 Rd8 39. Kg4 Nd3 40. Rc8 Rxc8 41. Nxc8 Nxf2+ 42. Kf4 Ke8 43. Nd6+ Kd7 44. f7 Ke7 45. b5 Nd3+ 46. Kg5 Ne5 47. Kh6 Nd7 48. Kg7 h5 49. Nc8+ Kd8 50. Kxg6 Kxc8 51. Kg7 Kb7 52. f8Q Nxf8 53. Kxf8 Kb6 54. a4 Ka5 55. Kf7 h4 56. Kg6 h3 57. Kg5 Kxa4 58. b6 Kb5 59. b7 Kc6 60. b8Q Kd7 61. Qf8 Ke6 62. Qf3 Kd7 63. Qxh3+ Ke7 1-0